000
00324nam a2200109Ia 4500
008
171211s9999 xx 000 0 und d
245
_a
Why a Gay Person Can't be Made Un-Gay
245
_c
Martin Kantor
260
_c
2014
650
_x
TRAVEL
856
_u
http://down.ebook777.com/016/WhyAGayPerCanBeMadUngTheTruAboRepThe.pdf
999
_c
347716
_d
347716